Variation in African-American homicide rates: an assessment of potential explanations

Guardado en:  
Detalles Bibliográficos
Autor principal: Phillips, Julie A. (Autor)
Tipo de documento: Print Artículo
Lenguaje:Inglés
Publicado: 1997
En: Criminology
Año: 1997, Volumen: 35, Número: 4, Páginas: 527-559
Verificar disponibilidad: HBZ Gateway
Palabras clave:

MARC

LEADER 00000caa a22000002c 4500
001 1640074856
003 DE-627
005 20220608131034.0
007 tu
008 160223s1997 xx ||||| 00| ||eng c
035 |a (DE-627)1640074856 
035 |a (DE-576)456046550 
035 |a (DE-599)BSZ456046550 
040 |a DE-627  |b ger  |c DE-627  |e rakwb 
041 |a eng 
100 1 |a Phillips, Julie A.  |4 aut 
245 1 0 |a Variation in African-American homicide rates: an assessment of potential explanations  |c Julie A. Phillips 
264 1 |c 1997 
336 |a Text  |b txt  |2 rdacontent 
337 |a ohne Hilfsmittel zu benutzen  |b n  |2 rdamedia 
338 |a Band  |b nc  |2 rdacarrier 
773 0 8 |i In  |t Criminology  |d Hoboken, NJ : Wiley, 1970  |g 35(1997), 4, Seite 527-559  |w (DE-627)129888508  |w (DE-600)301688-2  |w (DE-576)015191346  |x 0011-1384  |7 nnas 
773 1 8 |g volume:35  |g year:1997  |g number:4  |g pages:527-559 
776 1 |o 10.1111/j.1745-9125.1997.tb01229.x 
935 |a mkri 
951 |a AR 
ELC |b 1 
LOK |0 000 xxxxxcx a22 zn 4500 
LOK |0 001 3301366112 
LOK |0 003 DE-627 
LOK |0 004 1640074856 
LOK |0 005 20250623151034 
LOK |0 008 160208||||||||||||||||ger||||||| 
LOK |0 040   |a DE-21-110  |c DE-627  |d DE-21-110 
LOK |0 689   |a s  |a Tötungsdelikte 
LOK |0 689   |a g  |a USA 
LOK |0 689   |a s  |a Schwarze 
LOK |0 852   |a DE-21-110 
LOK |0 852 1  |m p  |9 00 
LOK |0 935   |a k110 
LOK |0 938   |k p 
LOK |0 939   |a 08-02-16  |b l01 
ORI |a SA-MARC-krimdoka001.raw